Países por Produção de Energia Nuclear - Statistics

Estatísticas Gerais
  • Esse quiz foi jogado 3 250 vezes
    2 517 desde o último reset
  • A pontuação média é 8 de 10
Estatísticas das Respostas
GWh % País % Correto
789,919 19.7 Estados Unidos
98%
201,821 20.6 Rússia
97%
344,748 4.9 China
95%
338,671 70.6 França
88%
60,918 11.3 Alemanha
86%
92,166 14.6 Canadá
78%
55,825 22.2 Espanha
67%
71,550 51.2 Ucrânia
67%
152,583 29.6 Coreia do Sul
62%
47,362 29.8 Suécia
34%
Nenhum quiz correspondente encontrado
Distribuição das Pontuações
Porcentagem de Pessoas com Cada Pontuação
Percentil de Números Respondidos
Sua Pontuação Histórica
Você não jogou esse quiz desde o último reset